Discurso del presidente Francisco Flores (Parte I)
En este artículo se presenta el Discurso pronunicado por el Presidente salvadoreño Francisco Flores ante la Asamblea Legislativa, el 2 de junio del 2001, con motivo de su segundo año de gobierno./MSD
Enregistré dans:
| Format: | Texte |
|---|---|
| Sujets: | |
| Tags: |
Ajouter un tag
Pas de tags, Soyez le premier à ajouter un tag!
|
MARC
| LEADER | 00000 a a2200000 04500 | ||
|---|---|---|---|
| 001 | 6480 | ||
| 003 | |||
| 040 | |||
| 245 | |a Discurso del presidente Francisco Flores (Parte I) | ||
| 520 | |a En este artículo se presenta el Discurso pronunicado por el Presidente salvadoreño Francisco Flores ante la Asamblea Legislativa, el 2 de junio del 2001, con motivo de su segundo año de gobierno./MSD | ||
| 650 | |a PRESIDENCIA | ||
| 650 | |a INFORMES ANUALES | ||
| 773 | |g volumen 22, número 954; páginas 14-16 | ||
| 999 | |c 23276 |d 23276 | ||
